000 01089 a2200217 4500
005 20080829171554.0
008 080829t xxu||||| |||| 00| 0 hin d
010 _aHIN-82765
020 _a9788187482840
_c180.00
035 _aHN-55111
037 _bपु.प्र.अ.प्र/प्रका
082 _a420
100 _aबिष्ट, पंकज
245 _aहिन्दी का पक्ष /
_cपंकज बिष्ट
246 _aHindi ka Paksha
_bby Pankaj Bisht
260 _aबीकानेर
_bवाग्देवी प्रकाशन
_c2008
270 _aविनायक शिखर पॉलिटेक्निक कॉलेज के पास
_bबीकानेर
_e334003
_mvagdevibooks@gmail.com
300 _a151पृ
_c22 सेमी (सजिल्द)
942 _adpl
_cHN
_k420 / बिष्टपं
_2ddc
_h420
_m बिष्टपं
999 _c10987
_d10987